00491nam a2200145 a 45000010005000000030005000050050017000100080041000270200015000680400020000832450149001032600047002523000019002996500027003184549CDMR20130410124202.0130130s2004||||||||||||||||||||||||||||d a8483735946 aCDMRbcatcCDMR00aÉtica periodísticab: principios, códigos deontológicos y normas complementariasccompilación y edición: Juan Carlos Pérez Fuentes c2004bUniversidad del País VascoaBilbao a293 p ;c24 cm04aÈtica periodística